00466nam a2200157Ia 450000500170000000800410001708200130005810000150007124500290008626000270011530000120014250000380015494200060019295200950019899900150029320250701160720.0240331s9999 xx 000 0 und d bGAMa398 aGamage,H.H 0aAndare saha gajaman nona aMaradanabIndika Press a24 p ., aA book of Andare and Gajaman Nona cL 001040708LaWERCLbWERCLcSSCd2024-03-31l0o 398 GAMp3238r2024-03-31w2024-03-31yL c5358d5358